| 000 | 01567nam0a22003131 4500 | ||
|---|---|---|---|
| 001 | rc\2922424 | ||
| 005 | 20260407070705.0 | ||
| 035 | _a(NLR Aleph) 007072499 | ||
| 090 |
_a6394685 _c6394685 |
||
| 100 | _a20110814d1939 |||y0rusy50 ca | ||
| 101 | 0 | _arus | |
| 102 | _aRU | ||
| 105 | _ay z ||||| | ||
| 200 | 1 |
_aВыше революционную бдительность _eСборник _fСост. Я.А. Серов и С.В. Савина Отдел партийн. пропаганды и агитации Курского обкома ВКП(б) |
|
| 210 |
_a[Курск] _cКурское обл. изд-во _d1939 |
||
| 215 |
_a180 с. _d20 см |
||
| 300 | _aАвт. статей: Е. Ярославский, М. Мануильский, А.Я. Вышинский | ||
| 700 | 1 |
_aСеров _bЯ.А. _gЯков Алексеевич |
|
| 701 | 1 |
_aСавина _bС.В. |
|
| 701 | 1 |
_4080 _7ca _8rus _aЯрославский _bЕ. М. _cгос. и парт. деятель _f1878-1943 _gЕмельян Михайлович _3RU\NLR\AUTH\770172725 _9172674 |
|
| 701 | 1 |
_aМануильский _bМ. З. _cгос. и парт. деятель, журналист _f1892-1955 _gМихаил Захарович _9182956 _3RU\NLR\AUTH\770183007 |
|
| 701 | 1 |
_aВышинский _bА.Я. |
|
| 712 | 0 | 2 |
_aВКП(б) _bКурский областной комитет _bОтдел партийной пропаганды и агитации _4570 |
| 801 | 0 |
_aRU _bNLR _gpsbo |
|
| 801 | 1 |
_aRU _bELAR _2rusmarc |
|
| 852 |
_aNLR _j39-3/157 |
||
| 942 | _cBOOK | ||
| 980 | _aNB | ||